000 00575nam a2200193Ia 4500
003 GCL
008 140319s9999 xx 000 0 ara d
040 _aGCL /
_cGCL
082 0 4 _a811.4
_bب م
100 1 _aبشار بن برد
245 1 0 _aالمختار من شعر بشار : اختيار الخالدين /
_cبشار بن برد
700 1 _aالتجيبى البرقى , ابوالطاهر
300 _a400 ص
490 _a
650 0 4 _aالشعر العربى
650 0 4 _aدواوين وقصائد
650 0 4 _aبشار بن برد
942 _2ddc
_cBK
999 _c44258
_d44258